Základy počtu pravděpodobnosti a matematické statistika

Salvato in:
Dettagli Bibliografici
Autori principali: Hátle, Jaroslav (Autore), Likeš, Jiří (Autore)
Natura: Libro
Lingua:ceco
Pubblicazione: PrahaPraha : SNTL, 1972
Soggetti:
Tags: Aggiungi Tag
Nessun Tag, puoi essere il primo ad aggiungerne!!

MARC

LEADER 00000nam a22000003a 4500
001 stu57796
005 20150617225653.1
008 010507s1972----cs------------------cze-d
040 |a STU  |b slo 
041 0 |a cze 
044 |a cs 
080 |a 519.2 
100 1 |a Hátle, Jaroslav  |4 aut 
245 1 |a Základy počtu pravděpodobnosti a matematické statistika 
260 |a PrahaPraha :  |b SNTL,  |c 1972 
300 |a 463 s 
650 7 |a matematická štatistika  |2 stusub 
650 7 |a pravdepodobnosť  |2 stusub 
700 1 |a Likeš, Jiří  |4 aut 
996 |b 284J015951  |c J*25820  |l JJSK  |s A  |a 24  |w stu57796_0001 
996 |b 284J015950  |c J*25819  |l JJSK  |s A  |a 24  |w stu57796_0002 
996 |b 284EK06851  |c E*27108  |l EE01  |s A  |a 24  |w stu57796_0003